000 00681cam a22002413a 4500
001 10321
003 PGUSA
005 20140828083222.0
008 031101s2003||||xxu|||||s|||||000 1 eng d
040 _aPGUSA
_beng
042 _adc
050 4 _aPS
100 1 _aRideout, Henry Milner,
_d1877-1927
245 1 0 _aDragon's blood
_h[electronic resource] /
_cHenry Milner Rideout
260 _bProject Gutenberg,
_c2003
506 _aPublic domain in the USA.
516 _aElectronic text
653 _aEuropeans -- China -- Fiction
700 1 _aBrett, Harold,
_d1880-
830 0 _aProject Gutenberg
_v10321
856 4 0 _uhttp://www.gutenberg.org/ebooks/10321
942 _cEB
999 _c239576
_d239576